Freeze-thaw resisting concrete: Its achievement in the UK (Record no. 101742)

MARC details
000 -LEADER
fixed length control field 00641cam a2200229 4500
008 - FIXED-LENGTH DATA ELEMENTS--GENERAL INFORMATION
fixed length control field 011024n2001 000 0 eng u
020 ## - INTERNATIONAL STANDARD BOOK NUMBER
International Standard Book Number 0860175596
035 ## - SYSTEM CONTROL NUMBER
System control number (Sirsi) u115262
050 ## - LIBRARY OF CONGRESS CALL NUMBER
Classification number 693.5
100 ## - MAIN ENTRY--PERSONAL NAME
Personal name Harrison, T.A.
245 ## - TITLE STATEMENT
Title Freeze-thaw resisting concrete: Its achievement in the UK
260 ## - PUBLICATION, DISTRIBUTION, ETC.
Place of publication, distribution, etc. London
Name of publisher, distributor, etc. CIRIA
Date of publication, distribution, etc. 2001
300 ## - PHYSICAL DESCRIPTION
Extent 79p. ; 30cm.
350 ## - PRICE (NR) (BK AM CF MU VM SE) [OBSOLETE]
Price 40.00
490 ## - SERIES STATEMENT
Series statement CIRIA Publication
Volume/sequential designation C559
650 ## - SUBJECT ADDED ENTRY--TOPICAL TERM
Topical term or geographic name entry element CONCRETE
650 ## - SUBJECT ADDED ENTRY--TOPICAL TERM
Topical term or geographic name entry element BUILT ENVIRONMENT-BUILDING MATERIALS
690 ## - LOCAL SUBJECT ADDED ENTRY--TOPICAL TERM (OCLC, RLIN)
Topical term or geographic name as entry element BUILDING AND CONSTRUCTION- MATERIALS AND PRODUCTS
700 ## - ADDED ENTRY--PERSONAL NAME
Personal name Dewar, J.D.
700 ## - ADDED ENTRY--PERSONAL NAME
Personal name Brown, B.V.
942 ## - ADDED ENTRY ELEMENTS (KOHA)
Suppress in OPAC 0
Holdings
Withdrawn status Lost status Source of classification or shelving scheme Damaged status Not for loan Home library Current library Shelving location Date acquired Cost, normal purchase price Total Checkouts Full call number Barcode Date last seen Copy number Cost, replacement price Price effective from Koha item type
    Dewey Decimal Classification     London London Books 24/10/2001 40.00   CIRIA REPORTS 30065029 06/08/2019 1 40.00 06/08/2019 Book